| 000 | 00371nam a22001571a 4500 | ||
|---|---|---|---|
| 020 | _a9788126428489 | ||
| 082 |
_aM3 _bMUR/N |
||
| 100 | _aMurali B | ||
| 245 |
_aNinte chorayile veenjhu/ _cby Murali B |
||
| 260 |
_aKottayam: _bD C Books, _c2010. |
||
| 300 | _a64p. | ||
| 650 | _aNovel Malayalam | ||
| 650 | _aLiterature Malayalam | ||
| 650 | _aLiterature | ||
| 942 | _cBK | ||
| 999 |
_c31476 _d31476 |
||